| 000 | 00701nam a2200145Ia 4500 | ||
|---|---|---|---|
| 008 | 100415s9999 xx 000 0 und d | ||
| 082 |
_b17479 _a719.32(5482) |
||
| 100 | _aRajarathinam R | ||
| 245 | _aHabitat Evaluation of the Guindy National Park for conservation Strategies : Preliminary Report for the Period May- Oct 1990 | ||
| 260 |
_aMADRAS _c1990 _bMADRAS NATURALIST'S SOCIETY |
||
| 365 | _b0 | ||
| 630 | _aHabitat Evaluation of the Guindy National Park for conservation Strategies : Preliminary Report for the Period May- Oct 1990 | ||
| 730 | _aHabitat Evaluation of the Guindy National Park for conservation Strategies : Preliminary Report for the Period May- Oct 1990 | ||
| 942 | _cBOOK | ||
| 999 |
_c600376 _d600373 |
||